000 00684nam a2200205Ia 4500
005 20260121110303.0
008 008 260114s9999 xx 000 0 hin d
020 _a9788132391937
037 _aEBOOK
040 _aCRL
_bhin
_cCRL
041 _ahin
_2hin
084 _qCRL
100 _aनिवासनी बागची / Nivasani Bagchi
_9944321
245 0 _aभारतीय चित्रकला का इतिहास / Bhartiya Chitrakala ka Itihas
260 _bभाषा प्रकाशन / Bhasha Prakashan
_c2023
856 _uhttps://bhashaprakashan.com/product-details/437410
942 _cEBOOK
999 _c1535985
_d1535985